| 000 | 00374nam a2200097Ia 4500 | ||
|---|---|---|---|
| 008 | 180130s9999 xx 000 0 und d | ||
| 245 |
_cYoung, Leslie _aFinancial systems in Asia: where politics meets development |
||
| 260 | _c2014 | ||
| 300 | _aBook title: The Oxford handbook of Asian business systems--Acession number C19643; pages 419-440 | ||
| 650 | _aBUSINESS SYSTEMS--ASIA | ||
| 999 |
_c354426 _d354426 |
||